Statistics for Germany - Italy UEFA Euro 2016 - Quarter Finals

Click here to take the quiz!

General Stats

  • This quiz has been taken 59 times
  • The average score is 19 of 29

Answer Stats

Answer % Correct
Gianluigi Buffon
98%
Manuel Neuer
94%
Mesut Özil ¹
92%
Jérôme Boateng
92%
Mats Hummels
92%
Giorgio Chiellini
89%
Thomas Müller
87%
Leonardo Bonucci ¹
87%
Joshua Kimmich
81%
Toni Kroos
77%
Andrea Barzagli
77%
Mario Gómez
75%
Joachim Löw
74%
Sami Khedira
72%
Bastian Schweinsteiger
66%
Benedikt Höwedes
66%
Graziano Pellè
64%
Simone Zaza
60%
Jonas Hector
60%
Éder
60%
Lorenzo Insigne
58%
Julian Draxler
58%
Antonio Conte
55%
Mattia De Sciglio
42%
Alessandro Florenzi
42%
Matteo Darmian
38%
Marco Parolo
34%
Emanuele Giaccherini
30%
Stefano Sturaro
17%

Score Distribution

Percentile by Number Answered

Percent of People with Each Score

Your Score History

You have not taken this quiz